Logo BPK

Biblioteka

Politechniki Koszalińskiej

Europa : (Rekord nr 34639)

Szczegóły MARC
000 -ETYKIETA REKORDU
podpole kontrolne o stałej długości 01263nam a2200325 i 4500
001 - NUMER KONTROLNY REKORDU
pole kontrolne bg
003 - IDENTYFIKATOR NUMERU KONTROLNEGO REKORDU
podpole kontrolne BPK
005 - DATA OSTATNIEJ MODYFIKACJI REKORDU
podpole kontrolne 20240410062859.0
008 - POLE O STAŁEJ DŁUGOŚCI - DANE KONTROLNE
podpole kontrolne o stałej długości 001212s1999 pl f |001 0 pol
020 ## - MIĘDZYNARODOWY ZNORMALIZOWANY NUMER KSIĄŻKI - ISBN
ISBN 8370068839
040 ## - ŹRÓDŁO KATALOGOWANIA
Instytucja, która utworzyła rekord BPK
041 1# - KOD JĘZYKA
Kod języka tekstu pol
Kod języka oryginału eng
080 ## - UNIWERSALNA KLASYFIKACJA DZIESIĘTNA - UKD
UKD 94(4)
100 1# - NAZWA OSOBOWA
Nazwa osobowa Davies, Norman
Daty związane z nazwą (1939- )
Określenie rodzaju współpracy Autor
245 10 - TYTUŁ/ODPOWIEDZIALNOŚĆ
Tytuł Europa :
Ciąg dalszy tytułu rozprawa historyka z historią /
Pozostałe elementy strefy tytułu i oznaczenia odpowiedzialności Norman Davies ; przekł. [z ang.] Elżbieta Tabakowska ; [dodatki tł. Rafał Śmietana ; oprac. Dodatku III Józef Kozak, Daniel Malak].
246 1# - WARIANT TYTUŁU
Treść wyrażenia wprowadzającego Tyt. oryg.:
Tytuł Europe :
Ciąg dalszy tytułu a history
250 ## - STREFA WYDANIA
Oznaczenie wydania [Wyd.1, dodruk].
260 ## - STREFA ADRESU WYDAWNICZEGO
Miejsce wydania Kraków :
Nazwa wydawcy/dystrybutora "Znak",
Data publikacji, dystrybucji/powstania dokumentu 1999.
300 ## - STREFA OPISU FIZYCZNEGO
Objętość 1406, [2] s., [32] s. il. :
Inne cechy fizyczne faks., mapy, nuty, pl., rys. wykr. ;
Rozmiary 24 cm.
500 ## - UWAGI OGÓLNE
Tekst uwagi Oryg. : "Europe : a history" 1996.
504 ## - UWAGA DOTYCZĄCA BIBLIOGRAFII
Informacje o bibliografii Indeksy.
651 #4 - HASŁO PRZEDMIOTOWE W FORMIE NAZWY GEOGRAFICZNEJ
Nazwa geograficzna Europa
Określnik ogólny historia.
700 1# - HASŁO DODATKOWE - NAZWA OSOBOWA
Nazwa osobowa Śmietana, Rafał.
Określenie związku między hasłem a opisywanym materiałem Tł.
700 1# - HASŁO DODATKOWE - NAZWA OSOBOWA
Nazwa osobowa Kozak, Józef
Daty związane z nazwą (1935- ).
Określenie związku między hasłem a opisywanym materiałem Oprac.
700 1# - HASŁO DODATKOWE - NAZWA OSOBOWA
Nazwa osobowa Malak, Daniel.
Określenie związku między hasłem a opisywanym materiałem Oprac.
710 2# - HASŁO DODATKOWE - NAZWA CIAŁA ZBIOROWEGO
Nazwa ciała zbiorowego lub jednostki geograficznej Społeczny Instytut Wydawniczy Znak
Kod określenia powiązania pbl.
700 1# - HASŁO DODATKOWE - NAZWA OSOBOWA
Nazwa osobowa Tabakowska, Elżbieta
Daty związane z nazwą (1942- )
Określenie związku między hasłem a opisywanym materiałem Tłumaczenie
856 ## - LOKALIZACJA I DOSTĘP DO ELEKTRONICZNYCH DOKUMENTÓW ZDALNYCH
Link (URL) http://koha.tu.koszalin.pl/cgi-bin/koha/opac-detail.pl?biblionumber=34639
Tekst linku Katalog online BPK
942 ## - DODATKOWE ELEMENTY (KOHA)
Typ dokumentu Książka
Schemat klasyfikacji Uniwersalna Klasyfikacja Dziesiętna
Egzemplarze
Wycofany Status egzemplarza Uszkodzony Dostępność Lokalizacja stała Lokalizacja bieżąca Miejsce przechowywania Sygnatura Kod kreskowy Dział Typ dokumentu Ostatnio wypożyczono
      Tylko na miejscu Biblioteka Politechniki Koszalińskiej Biblioteka Politechniki Koszalińskiej Czytelnia BG 48013 01402780 93/94 Historia Książka  
      Dostępny Biblioteka Politechniki Koszalińskiej Biblioteka Politechniki Koszalińskiej Wypożyczalnia BG 48014 01402773   Książka  
      Tylko na miejscu Biblioteka Politechniki Koszalińskiej Biblioteka Politechniki Koszalińskiej Czytelnia Wydziałowa ul. Kwiatkowskiego 6e 48015 01402766   Książka  
      Dostępny Biblioteka Politechniki Koszalińskiej Biblioteka Politechniki Koszalińskiej Wypożyczalnia BG 48016 01402759   Książka 15.10.2014
© 2023 Biblioteka Politechniki Koszalińskiej :: KOHA